000 00568nam a2200181Ia 4500
008 240729s9999 xx 000 0 und d
022 _a2528-2964
245 0 _aJurnal Pendidikan Islam Indonesia
260 _aIndonesia
260 _bProgram Pascasarjana IAI Ibrahimy Situbondo Jawa Timur
650 _a Education (General) | Philosophy. Psychology. Religion
650 _a Islam
650 _a Islam. Bahai Faith. Theosophy, etc.
650 _aEducation
856 _uhttps://doaj.org/toc/ba7199025ce1498a9243afed90f0d32d
942 _2ddc
942 _cDOAJEJ
999 _c66958
_d66958
945 _a1
_bMadushi Gamage
_c1
_dMadushi Gamage